Southville International School and Colleges
Your cart is empty.
  • Cart
  • Lists
    Public lists Eva Luna New books Lux_list list_1
    Your lists Log in to create your own lists
  • Log in to your account
  • Your cookies
  • Search history
Southville International School and Colleges
  • Advanced search
  • Recent comments
  • Most popular
  • Libraries

Log in to your account

Log in with GOOGLE


If you do not have an external account, but do have a local account, you can still log in:

  1. Home
  2. MARC view: Fallen cradle :
Normal view MARC view ISBD view

Fallen cradle : (Record no. 345346)

[ view plain ]
MARC details
000 -LEADER
fixed length control field 00770nam a2200301Ia 4500
008 - FIXED-LENGTH DATA ELEMENTS--GENERAL INFORMATION
fixed length control field 171120s9999 xx 000 0 und d
020 ## - INTERNATIONAL STANDARD BOOK NUMBER
International Standard Book Number 9712717321
050 ## - LIBRARY OF CONGRESS CALL NUMBER
Classification number 155.93
050 ## - LIBRARY OF CONGRESS CALL NUMBER
Item number P949 2006
100 ## - MAIN ENTRY--PERSONAL NAME
Personal name Prieto, Agnes
245 ## - TITLE STATEMENT
Title Fallen cradle :
245 ## - TITLE STATEMENT
Remainder of title parents on the loss of a child /
245 ## - TITLE STATEMENT
Statement of responsibility, etc by Agnes Prieto ; with Ricardo M. de Ungria.
260 ## - PUBLICATION, DISTRIBUTION, ETC. (IMPRINT)
Place of publication, distribution, etc Philippines :
260 ## - PUBLICATION, DISTRIBUTION, ETC. (IMPRINT)
Name of publisher, distributor, etc Anvil,
260 ## - PUBLICATION, DISTRIBUTION, ETC. (IMPRINT)
Date of publication, distribution, etc 2006
300 ## - PHYSICAL DESCRIPTION
Extent 159 pages :
300 ## - PHYSICAL DESCRIPTION
Other physical details illustrations ;
300 ## - PHYSICAL DESCRIPTION
Dimensions 22cm.
650 ## - SUBJECT ADDED ENTRY--TOPICAL TERM
Topical term or geographic name as entry element Bereavement --
650 ## - SUBJECT ADDED ENTRY--TOPICAL TERM
Topical term or geographic name as entry element Bereavement.
650 ## - SUBJECT ADDED ENTRY--TOPICAL TERM
Topical term or geographic name as entry element Children and death.
650 ## - SUBJECT ADDED ENTRY--TOPICAL TERM
Topical term or geographic name as entry element Parent and child --
650 ## - SUBJECT ADDED ENTRY--TOPICAL TERM
General subdivision Grief.
650 ## - SUBJECT ADDED ENTRY--TOPICAL TERM
General subdivision Psychological aspects.
700 ## - ADDED ENTRY--PERSONAL NAME
Personal name de Ungria, Ricardo M.
700 ## - ADDED ENTRY--PERSONAL NAME
Personal name Title.
Holdings
Withdrawn status Lost status Damaged status Home library Current library Date acquired Total Checkouts Full call number Barcode Date last seen Price effective from Koha item type
      Stonyhurst Southville International School (Malarayat) Stonyhurst Southville International School (Malarayat) 11/20/2017   FIL 155.93 P949 2006 SSISM4390 11/20/2017 11/20/2017 Books

Fallen cradle :

APA

Prieto A., de Ungria R. M. & Title.Fallen cradle. Philippines: .

Chicago

Prieto Agnes, de Ungria Ricardo M and Title.Fallen cradle. Philippines: .

Harvard

Prieto A., de Ungria R. M. and Title.Fallen cradle. Philippines: .

MLA

Prieto Agnes, de Ungria Ricardo M and Title.Philippines: . .

  • Place hold
  • Print
  • Cite
  • Add to your cart (remove)
  • Save record
    BIBTEX Dublin Core MARCXML MARC (non-Unicode/MARC-8) MARC (Unicode/UTF-8) MARC (Unicode/UTF-8, Standard) MODS (XML) RIS
  • More searches
    Search for this title in:
    Other Libraries (WorldCat) Other Databases (Google Scholar) Online Stores (Bookfinder.com) Open Library (openlibrary.org)

Exporting to Dublin Core...

SOUTHVILLE LIBRARY

Southville International School and Colleges Library

1281 Tropical Ave. Cor. Luxembourg St., BF Homes International, Las Pinas City

Tel. No. 8256374 / 252358 Loc. 117/146

Powered by Koha